<?xml version="1.0" encoding="UTF-8"?>
<record
    xmlns:xsi="http://www.w3.org/2001/XMLSchema-instance"
    xsi:schemaLocation="http://www.loc.gov/MARC21/slim http://www.loc.gov/standards/marcxml/schema/MARC21slim.xsd"
    xmlns="http://www.loc.gov/MARC21/slim">

  <leader>01627nam a2200337 i 4500</leader>
  <controlfield tag="003">DO-SdBNP</controlfield>
  <controlfield tag="005">20240715125123.0</controlfield>
  <controlfield tag="007">ta</controlfield>
  <controlfield tag="008">180716s2021    dr ao         000 0 spa d</controlfield>
  <datafield tag="020" ind1=" " ind2=" ">
    <subfield code="a">9789945929645</subfield>
  </datafield>
  <datafield tag="040" ind1=" " ind2=" ">
    <subfield code="a">DO-SdBNP</subfield>
    <subfield code="b">spa</subfield>
    <subfield code="c">BNPHU</subfield>
    <subfield code="e">rda</subfield>
  </datafield>
  <datafield tag="082" ind1=" " ind2="4">
    <subfield code="a">759.97293 </subfield>
    <subfield code="b">N973a</subfield>
    <subfield code="2">22</subfield>
  </datafield>
  <datafield tag="100" ind1="1" ind2=" ">
    <subfield code="a">N&#xFA;&#xF1;ez, Elsa,</subfield>
    <subfield code="d">1943-</subfield>
    <subfield code="9">14462</subfield>
    <subfield code="e">autor</subfield>
  </datafield>
  <datafield tag="245" ind1="1" ind2="0">
    <subfield code="a">Alma adentro = Into the soul =  int&#xE9;rieurs de l'&#xE2;me :</subfield>
    <subfield code="b">Elsa N&#xFA;&#xF1;ez ; exposici&#xF3;n antol&#xF3;gica = anthological exhibition catalogue = exposition anthologique, catalogue d'exposition /</subfield>
    <subfield code="c">Elsa N&#xFA;&#xF1;ez ; presentaci&#xF3;n,  Maria Amalia Le&#xF3;n ; traducci&#xF3;n,  Julia Scrive-Loyer, Ism&#xE9;rie Pajot ; fotograf&#xED;as,  Daniel Collado, Mariano Hern&#xE1;ndez.</subfield>
  </datafield>
  <datafield tag="246" ind1="3" ind2="1">
    <subfield code="a"> Into the soul ; Elsa N&#xFA;&#xF1;ez :</subfield>
    <subfield code="b">anthological exhibition catalogue </subfield>
  </datafield>
  <datafield tag="246" ind1="3" ind2="1">
    <subfield code="a"> Int&#xE9;rieurs de l'&#xE2;me ; Elsa N&#xFA;&#xF1;ez :</subfield>
    <subfield code="b"> exposition anthologique ; catalogue d'exposition  </subfield>
  </datafield>
  <datafield tag="264" ind1=" " ind2="1">
    <subfield code="a">Santiago de los Caballeros, Rep&#xFA;blica Dominicana :</subfield>
    <subfield code="b">Fundaci&#xF3;n Eduardo Le&#xF3;n Jimenes,</subfield>
    <subfield code="c">2021.</subfield>
  </datafield>
  <datafield tag="300" ind1=" " ind2=" ">
    <subfield code="a">191 p&#xE1;ginas : </subfield>
    <subfield code="b">ilustraciones, fotograf&#xED;as ,</subfield>
    <subfield code="c">32 cm.</subfield>
  </datafield>
  <datafield tag="336" ind1=" " ind2=" ">
    <subfield code="2">rdacontent</subfield>
    <subfield code="a">texto</subfield>
    <subfield code="b">txt</subfield>
  </datafield>
  <datafield tag="337" ind1=" " ind2=" ">
    <subfield code="2">rdamedia</subfield>
    <subfield code="a">sin mediaci&#xF3;n</subfield>
    <subfield code="b">n</subfield>
  </datafield>
  <datafield tag="338" ind1=" " ind2=" ">
    <subfield code="2">rdacarrier</subfield>
    <subfield code="a">volumen</subfield>
    <subfield code="b">nc</subfield>
  </datafield>
  <datafield tag="500" ind1=" " ind2=" ">
    <subfield code="a">Texto en espa&#xF1;ol, ingles, franc&#xE9;s</subfield>
  </datafield>
  <datafield tag="590" ind1=" " ind2=" ">
    <subfield code="a">Inventariado, 2018/ YL</subfield>
  </datafield>
  <datafield tag="700" ind1="1" ind2=" ">
    <subfield code="a">Scrive-Loyer, Julia,</subfield>
    <subfield code="e">traducci&#xF3;n</subfield>
    <subfield code="9">75352</subfield>
  </datafield>
  <datafield tag="700" ind1="1" ind2=" ">
    <subfield code="a">Pajot, Ism&#xE9;rie,</subfield>
    <subfield code="e">traducci&#xF3;n</subfield>
    <subfield code="9">74661</subfield>
  </datafield>
  <datafield tag="700" ind1="1" ind2=" ">
    <subfield code="a">Yun&#xE9;n, Rafael Emilio,</subfield>
    <subfield code="d">1952-</subfield>
    <subfield code="e">fotograf&#xED;as</subfield>
    <subfield code="9">2304</subfield>
  </datafield>
  <datafield tag="700" ind1="1" ind2=" ">
    <subfield code="a">Guerrero, Myrna,</subfield>
    <subfield code="d">1951-</subfield>
    <subfield code="e">fotograf&#xED;as</subfield>
    <subfield code="9">59874</subfield>
  </datafield>
  <datafield tag="700" ind1="1" ind2=" ">
    <subfield code="a">Le&#xF3;n, Maria Amalia, </subfield>
    <subfield code="e">presentaci&#xF3;n</subfield>
    <subfield code="9">57578</subfield>
  </datafield>
  <datafield tag="910" ind1=" " ind2=" ">
    <subfield code="a">YLockward</subfield>
  </datafield>
  <datafield tag="942" ind1=" " ind2=" ">
    <subfield code="2">ddc</subfield>
    <subfield code="c">LBS1</subfield>
  </datafield>
  <datafield tag="952" ind1=" " ind2=" ">
    <subfield code="0">0</subfield>
    <subfield code="1">0</subfield>
    <subfield code="2">ddc</subfield>
    <subfield code="5">1</subfield>
    <subfield code="7">0</subfield>
    <subfield code="8">PD</subfield>
    <subfield code="a">BNPHU</subfield>
    <subfield code="b">BNPHU</subfield>
    <subfield code="c">HD</subfield>
    <subfield code="d">2021-12-16</subfield>
    <subfield code="e">Centro Le&#xF3;n</subfield>
    <subfield code="l">0</subfield>
    <subfield code="o">BNPHU PD 759.97293 N973a</subfield>
    <subfield code="p">2023-7653</subfield>
    <subfield code="r">2023-11-07</subfield>
    <subfield code="w">2023-11-07</subfield>
    <subfield code="y">LBS1</subfield>
  </datafield>
  <datafield tag="952" ind1=" " ind2=" ">
    <subfield code="0">0</subfield>
    <subfield code="1">0</subfield>
    <subfield code="2">ddc</subfield>
    <subfield code="5">1</subfield>
    <subfield code="7">0</subfield>
    <subfield code="8">PD</subfield>
    <subfield code="a">BNPHU</subfield>
    <subfield code="b">BNPHU</subfield>
    <subfield code="c">HD</subfield>
    <subfield code="d">2021-12-16</subfield>
    <subfield code="e">Centro Le&#xF3;n</subfield>
    <subfield code="l">0</subfield>
    <subfield code="o">BNPHU PD 759.97293 N973a</subfield>
    <subfield code="p">2023-7654</subfield>
    <subfield code="r">2023-11-07</subfield>
    <subfield code="t">e. 2</subfield>
    <subfield code="w">2023-11-07</subfield>
    <subfield code="y">LBS1</subfield>
  </datafield>
  <datafield tag="952" ind1=" " ind2=" ">
    <subfield code="0">0</subfield>
    <subfield code="1">0</subfield>
    <subfield code="2">ddc</subfield>
    <subfield code="5">6</subfield>
    <subfield code="7">0</subfield>
    <subfield code="8">DS</subfield>
    <subfield code="a">BNPHU</subfield>
    <subfield code="b">BNPHU</subfield>
    <subfield code="c">HD</subfield>
    <subfield code="d">2021-12-16</subfield>
    <subfield code="e">Centro Le&#xF3;n</subfield>
    <subfield code="l">0</subfield>
    <subfield code="o">BNPHU DS 759.97293 N973a</subfield>
    <subfield code="p">2023-7655</subfield>
    <subfield code="r">2023-11-07</subfield>
    <subfield code="t">e. 3</subfield>
    <subfield code="w">2023-11-07</subfield>
    <subfield code="y">LBS1</subfield>
  </datafield>
  <datafield tag="999" ind1=" " ind2=" ">
    <subfield code="c">55418</subfield>
    <subfield code="d">55418</subfield>
  </datafield>
</record>
